00458nam a2200181 a 4500001001300000003000900013005001700022008004100039020001000080082001500090100003000105245001900135260004800154300000900202500003500211505001300246650001700259nice12345678IN_TiNIC20260116011535.0050524s1939 laha grp 000 0 urd  ac2.500a297.4bASH aAttaar, Khaja Fareeduddin aLisaan-Ut-Tair aLahorbS.Mubarak Ali Book Book Sellerc1939 a288p aincludes index and biblioraphy2 aAppendix aSufism-Attar